• 首页
  • 本馆介绍
  • 公告通知
  • 最新文献
  • 馆藏检索
  • 电子资源
  • 读者导购
  • 参考咨询
  • 我的图书馆
  • 登录
  • 详细信息显示
  • 放入我的书架
  • 预约/预借图书
  • 作者相关作品
  • 分类相关作品
  • 丛书相关作品
  • 出版社相关作品

书目信息

  • 表格格式
  • 工作单格式
  • 卡片格式
题名:
马克思主义哲学与社会主义
    
 
作者: 韩敬 著
分册:  
出版信息: 昆明   云南大学出版社  2015
页数: 312页
开本: 24cm
丛书名: 云南文库
单 册:
中图分类: B27
科图分类:
主题词: 马克思主义哲学--发展--研究--中国
电子资源:
ISBN: 978-7-5482-1833-3
000 00933oam2 2200265 450
001 012001002458
005 20140926114740.0
010    @a978-7-5482-1833-3@dCNY62.00
100    @a20170619d2015 em y0chiy50 ea
101 0  @achi
102    @aCN@b530000
105    @ac z 000yy
106    @ar
200 1  @a马克思主义哲学与社会主义@9ma ke si zhu yi zhe xue yu she hui zhu yi@f韩敬著
210    @a昆明@c云南大学出版社@c云南人民出版社@d2015
215    @a312页@c肖像@d24cm
225 1  @a云南文库@i学术名家文丛@f张瑞才主编
330    @a本书内容包括了马克思主义哲学和辩证逻辑、事物是间断性与连续性的对立统一——关于事物发展之根本原因的探讨、人和世界的关系问题是哲学的基本问题之一等。
461  0 @12001 @a云南文库
462  0 @12001 @a学术名家文丛
606 0  @a马克思主义哲学@x发展@x研究@y中国
690    @aB27@v5
701  0 @a韩敬@9han jing@f(1935-)@4著
801  0 @aCN@b上海新华@c20180901
905    @b1158050-4@dB27@e121@f5
    
    马克思主义哲学与社会主义/韩敬著.-昆明:云南大学出版社:云南人民出版社,2015
    312页:肖像;24cm.-(云南文库.学术名家文丛/张瑞才主编)
    
    
    ISBN 978-7-5482-1833-3:CNY62.00
    本书内容包括了马克思主义哲学和辩证逻辑、事物是间断性与连续性的对立统一——关于事物发展之根本原因的探讨、人和世界的关系问题是哲学的基本问题之一等。
●
相关链接 在E读中查询图书 在五车中查询图书 在当当中查询图书 在豆瓣中查询图书


正题名:马克思主义哲学与社会主义     索取号:B27/121         预约/预借

序号 登录号 条形码 馆藏地/架位号 状态 备注
1 1158050   211580500   第一借阅区/ [索取号:B27/121] 在馆    
2 1158051   211580519   第一借阅区/ [索取号:B27/121] 在馆    
3 1158052   211580528   第一借阅区/ [索取号:B27/121] 在馆    
4 1158053   211580537   第一借阅区/ [索取号:B27/121] 在馆    
5 1158054   211580546   第一样本阅览室/ [索取号:B27/121] 在馆    
唐山师范学院图书馆 欢迎您!
大连网信软件有限公司© 版权所有